000
00312nam a2200121Ia 4500
008
230303s9999 xx 000 0 und d
041
_a
eng
082
_a
621.382 TAU
100
_a
Taub Herbert & G. Schelling Donald:
245
_a
Principles of Communication Systems
260
_a
NEW DELHI
_b
TMH
365
_c
RS
999
_c
205071
_d
205071